00658nam a2200229 a 4500001001300000003000900013005001700022008004100039020001000080082001500090100003500105245002500140260003300165300000900198500003500207650002500242700003500267902000800302942000700310952009600317999001500413nice12345678IN_TiNIC20260116012618.0070621s1978 laha grp 000 0 eng  ac26000a211.6bATT aAl-Attas, Syed Muhammad Naquib aIslam and Secularism aLahorebSuhail Academyc1978 a196p aincludes index and biblioraphy aSecularism and Islam1 aAl-Attas, Syed Muhammad Naquib bSRS cBK 00104070aHMIbHMId2008-05-05g260.00l0o211.6 ATTp011967r2008-05-05w2026-01-16yEB c7671d7671